00436nam a2200121Ia 4500008004000000020001800040082001600058100005000074245008700124260004100211300001400252650004800266210210b1985 xxu||||| |||| 00| 0 eng d a0 7100 9990 8 a153.15 THOS aTHOMAS (Laurie F) & Harri-Augstein(E Sheila). aSelf -organished learning: foundations of a conversational science for psychology. aLondonbRoutledge & Kegan Paulc1985 axxxvi,388 aLearning psychology Conversational science